000
00316nam a22001457a 4500
008
210304b ||||| |||| 00| 0 eng d
020
_a
9780130168092
041
_a
eng
080
_a
338
082
_a
338
100
_a
53
101
_a
MEN
245
_a
Management Accounting
_c
Atkinson, A. A
942
_2
udc
_c
BK
999
_c
55717
_d
55717